Investigación social: manual para acompañar a Mark
Salvato in:
| Autore principale: | |
|---|---|
| Natura: | Libro |
| Lingua: | spagnolo |
| Pubblicazione: |
Madrid
De la Torre
1990
|
| Serie: | Proyecto Didáctico Quirón. Programa Filosofía para Niños
|
| Soggetti: | |
| Tags: |
Aggiungi Tag
Nessun Tag, puoi essere il primo ad aggiungerne!!
|
MARC
| LEADER | 00000nam a2200000 a 4500 | ||
|---|---|---|---|
| 001 | UCN1836 | ||
| 003 | CL-VaPUC | ||
| 008 | 010504e19900000SP |||||||||||||||||spa|d | ||
| 082 | 0 | 4 | |a 808.0683 |b LIP |2 21 |
| 700 | 0 | |a Sharp, Ann Margaret |e author |9 457289 | |
| 245 | 1 | 0 | |a Investigación social: manual para acompañar a Mark |
| 300 | |a 46 p | ||
| 942 | |c BK | ||
| 945 | |d 20010504 00:00:00 |a cmena | ||
| 260 | |a Madrid |b De la Torre |c 1990 | ||
| 500 | |a En forma separada texto: Mark | ||
| 650 | 0 | |a Literatura infantil |9 307465 | |
| 650 | 7 | |a FILOSOFIA PARA NIÑOS |2 CL-VaPUC |9 457290 | |
| 650 | 0 | |a Métodos de enseñanza |9 270413 | |
| 583 | |a last modification |c 20010504 00:00:00 |k Rodrigo Vera | ||
| 490 | 0 | |a Proyecto Didáctico Quirón. Programa Filosofía para Niños | |
| 999 | |c 295061 |d 295059 | ||
| 952 | |0 0 |1 0 |4 0 |6 808_068300000000000_LIP_1990 |7 0 |8 P |9 347956 |a BIBEDU |b BIBEDU |c BIBEDU_PB |d 2019-11-20 |i 3698939 |o 808.0683 LIP 1990 |p 3698939 |r 2024-01-25 |w 2019-11-20 |y BK |k EPE | ||
| 952 | |0 0 |1 0 |4 0 |6 808_068300000000000_LIP_1990 |7 0 |8 P |9 347957 |a BIBEDU |b BIBEDU |c BIBEDU_PB |d 2019-11-20 |i 3521435 |o 808.0683 LIP 1990 |p 3521435 |r 2024-01-25 |w 2019-11-20 |y BK |k EPE | ||